000 00751nam a2200253Ia 4500
003 OSt
005 20220927105419.0
006 a|||||r|||| 00| 0
007 ta
008 220926b |||||||| |||| 00| 0 eng d
024 _a175041
037 _cReference Collections
040 _aRTL
_cRTL
_beng
041 _2eng
_aeng
082 _a"V2, 32p.P02, P2.28-9/GD"
110 _a"INDIA, LOK SABHA"
_9372306
245 0 _aLok Sabha Debates
_b Eleventh Session.
260 _aNew
_bDelhi Lok Sabha Debates India
_c2002
300 _a474p.
_ccm.
490 _v28 Vol. no.9
_aThirteenth Series.
700 _a"INDIA, LOK SABHA"
_9372307
942 _h"V2, 32p.P02, P2.28-9/GD"
_cCC
999 _c692416
_d692416